[Event "Ceske Budejovice op-A"]
[Site "Ceske Budejovice"]
[Date "2020.07.06"]
[Round "6"]
[White "Vojta, Dalibor"]
[Black "Sedivy, Karel"]
[Result "1-0"]
[WhiteElo "1839"]
[BlackElo "1722"]
[PlyCount "99"]
[EventDate "2020.07.01"]
[EventType "swiss"]
[EventRounds "9"]
[EventCountry "CZE"]
[SourceTitle "CBM 197 Extra"]
[Source "ChessBase"]
[SourceDate "2020.09.30"]
[SourceVersion "1"]
[SourceVersionDate "2020.09.30"]
[SourceQuality "1"]

1. b3 Nf6 2. Bb2 g6 3. Nf3 Bg7 4. e3 0-0 5. d4 d6 6. c4 b6 7. g3 Bb7 8. Bg2 Nbd7 9. 0-0 c5 10. Nbd2 Qc7 11. d5 a5 12. a4 Ne8 13. Bxg7 Nxg7 14. Ng5 Nf6 15. Nge4 Rad8 16. Bh3 Bc8 17. Bxc8 Qxc8 18. f4 Ng4 19. Qf3 f5 20. Nc3 h5 21. h3 Nf6 22. Kg2 Qd7 23. e4 fxe4 24. Ndxe4 Nxe4 25. Qxe4 Qf5 26. Rae1 Rde8 27. Nb5 Qxe4+ 28. Rxe4 Rf7 29. Rfe1 Kf8 30. g4 h4 31. Kf3 g5 32. f5 Rc8 33. Na7 Rc7 34. Nc6 e5 35. dxe6 Nxe6 36. Rxe6 Rxc6 37. Rd1 Rd7 38. Rg6 Kf7 39. Rxg5 d5 40. Rh5 d4 41. Rxh4 Kg7 42. g5 Rc8 43. Re4 Rh8 44. Kg4 Kf8 45. Rde1 d3 46. Re8+ Kf7 47. g6+ Kg7 48. R8e7+ Rxe7 49. Rxe7+ Kf6 50. Rd7 1-0